00468nam a2200157Ia 4500003000400000005001700004008004100021020001800062040000900080082001900089100002400108245009800132250001200230260005900242300000900301OSt20200125095308.0190216s9999||||xx |||||||||||||| ||und|| a9788120322547 coclc a658.402bGAR/E aGarg, Vinod Kumar  0aEnterprise Resource Planning Concepts And Practice /cVinod Kumar Garg ; N K Ventkitakrishnan a2nd ed. bPrentice Hall Of India Private Ltd,c2003.aNew Delhi: a185p